000 00586nam a22001937a 4500
003 BD-DhJNU
005 20241229053040.0
008 241229b |||||||| |||| 00| 0 eng d
020 _a0074519735
040 _aBD-DhJNU
_beng
_cBD-DhJNU
_dBD-DhJNU
082 _223
_a341.753
100 _aVerma, DPS
245 _aManual of monopolies restrictive and unfair trade practices /
_cDPS Verma
260 _aNew Delhi :
_bTata McGraw-Hill Publishing Company Limited,
_c1987.
300 _axxi, 736 p. :
_c25 cm.
504 _aincludes index
650 _aTrade Practices
942 _2ddc
_cBK
_n0
999 _c1023
_d1023